Muerte y resurección /

Wedi'i Gadw mewn:
Manylion Llyfryddiaeth
Prif Awdur: Zaid, Gabriel
Fformat: Texto
Pynciau:
Tagiau: Ychwanegu Tag
Dim Tagiau, Byddwch y cyntaf i dagio'r cofnod hwn!

MARC

LEADER 00000 a a2200000 04500
001 9037
003
040
100 |a Zaid, Gabriel  
245 |a Muerte y resurección /  |c Gabriel Zaid 
650 |a IGLESIA CATOLICA  
650 |a RELIGION  
650 |a CREENCIA  
773 |g volumen 16, número 2 -3; páginas 229-239  
999 |c 37087  |d 37087